| 000 | 00653nam a2200205 i 4500 | ||
|---|---|---|---|
| 001 | 20381 | ||
| 003 | ES-MaACL | ||
| 005 | 20230906152306.0 | ||
| 007 | t| | ||
| 008 | 021112s1972 sp ||||1| spa d | ||
| 080 | _a623.82(460)"18/19"(091) | ||
| 100 | 1 |
_aAguilera, Alfredo. _918756 |
|
| 245 | 1 | 0 |
_aBuques de guerra españoles : _b1885-1971 : (crónicas y datos) / _cAlfredo Aguilera ; dibujos de Vicente Elías. |
| 250 | _a1ª ed. | ||
| 260 |
_aMadrid : _bSan Martín, _c1972. |
||
| 300 |
_a147 p. : _bil. ; _c28 cm. |
||
| 650 | 4 |
_aBarcos de guerra- _zEspaña- _vHistoria. _9158195 |
|
| 700 | 1 |
_aElías, Vicente. _946972 |
|
| 852 | 4 |
_aES-MaACL _jC-42667 |
|
| 999 |
_c20381 _d20381 |
||